トンネルの多いJR路線 TOP30 - Statistics

General Stats
  • This quiz has been taken 273 times
  • The average score is 21 of 30
Answer Stats
順位 トンネルの数 Answer % Correct
9位 96 東海道線
98%
22位 40 東北線
98%
10位 77 山陽線
96%
2位 176 山陰線
93%
5位 139 中央線
93%
19位 52 奥羽線
87%
4位 142 山陽新幹線
85%
3位 154 東北新幹線
84%
12位 66 東海道新幹線
83%
15位 59 北陸新幹線
83%
11位 69 羽越線
80%
1位 180 紀勢線
79%
6位 138 飯田線
78%
13位 66 九州新幹線
78%
21位 43 函館線
77%
7位 131 日豊線
76%
8位 123 土讃線
72%
14位 66 予讃線
71%
17位 53 常磐線
70%
30位 33 上越線
66%
26位 36 磐越西線
62%
20位 48 伯備線
60%
23位 38 豊肥線
58%
24位 37 室蘭線
52%
28位 34 只見線
51%
29位 34 予土線
46%
18位 53 山田線
42%
16位 55 肥薩線
40%
27位 35 牟岐線
23%
25位 37 呉線
15%
No matching quizzes found
Score Distribution
Percent of People with Each Score
Percentile by Number Answered
Your Score History
You have not taken this quiz